Compendio teórico práctico del derecho ambiental mexicano (Record no. 87442)

MARC details
000 -LEADER
fixed length control field 00672nam a22001817a 4500
005 - DATE AND TIME OF LATEST TRANSACTION
control field 20260417104149.0
008 - FIXED-LENGTH DATA ELEMENTS--GENERAL INFORMATION
fixed length control field 240624b mx |||||||| |||| 00| 0 spa d
020 ## - INTERNATIONAL STANDARD BOOK NUMBER
International Standard Book Number 9786070944598
050 04 - LIBRARY OF CONGRESS CALL NUMBER
Classification number KGF3421
Item number P33 2025
100 1# - MAIN ENTRY--PERSONAL NAME
Personal name Pacheco Martínez, Filiberto
245 10 - TITLE STATEMENT
Title Compendio teórico práctico del derecho ambiental mexicano
Remainder of title : instrumentos y políticas sustentables para la tutela del medio ambiente
Statement of responsibility, etc / Filiberto Pacheco Martínez
250 ## - EDITION STATEMENT
Edition statement 1a ed.
260 ## - PUBLICATION, DISTRIBUTION, ETC. (IMPRINT)
Place of publication, distribution, etc Ciudad de México :
Name of publisher, distributor, etc Porrúa,
Date of publication, distribution, etc 2025
300 ## - PHYSICAL DESCRIPTION
Extent x, 242 p. :
Other physical details il. ;
Dimensions 23 cm.
504 ## - BIBLIOGRAPHY, ETC. NOTE
Bibliography, etc Incluye bibliografía e índice
650 #7 - SUBJECT ADDED ENTRY--TOPICAL TERM
Source of heading or term lemb
Topical term or geographic name as entry element Derecho ambiental
Geographic subdivision México
942 ## - ADDED ENTRY ELEMENTS (KOHA)
Source of classification or shelving scheme Biblioteca del Cogreso de los Estados Unidos
Koha item type Libro
Holdings
Estado de pérdida Fuente de clasificación Estado del daño No para préstamo Ubicación permanente Ubicación actual Apartado o colección Fecha de adquisición Fuente de adquisición Edición Área del conocimiento Total Checkouts Clasificación Código de Barras Date last seen Número de copia Costo por reposición Tipo de recurso
  Biblioteca del Cogreso de los Estados Unidos     Biblioteca de la Facultad de Derecho y Ciencias Sociales "Felipe J. Tena" Biblioteca de la Facultad de Derecho y Ciencias Sociales "Felipe J. Tena" General 17/04/2026 Unidad Académica 1a ed. Ciencias Sociales y Administrativas   KGF3421 P33 2025 BFD000015554 17/04/2026 1 420.00 Libro
  Biblioteca del Cogreso de los Estados Unidos     Biblioteca de la Facultad de Derecho y Ciencias Sociales "Felipe J. Tena" Biblioteca de la Facultad de Derecho y Ciencias Sociales "Felipe J. Tena" General 17/04/2026 Unidad Académica 1a ed. Ciencias Sociales y Administrativas   KGF3421 P33 2025 BFD000015555 17/04/2026 2 420.00 Libro
  Biblioteca del Cogreso de los Estados Unidos     Biblioteca de la Facultad de Derecho y Ciencias Sociales "Felipe J. Tena" Biblioteca de la Facultad de Derecho y Ciencias Sociales "Felipe J. Tena" General 17/04/2026 Unidad Académica 1a ed. Ciencias Sociales y Administrativas   KGF3421 P33 2025 BFD000015556 17/04/2026 3 420.00 Libro